000 00563nam a2200181Ia 4500
008 100920s9999 xx 000 0 und d
082 _b56428
_a51 थ 90
100 _aपंडित बाळ.
245 _aकसोटीचे क्षण.
260 _bअंजली प्रकाशन, पुणे.
_c1990
300 _a165
_bसाधी
365 _b65
520 _aचरित्र.
630 _aकसोटीचे क्षण.
650 _aचरित्र.
730 _aकसोटीचे क्षण.
942 _cBOOK
999 _c700510
_d700507